000 01604cam a2200373 a 4500
999 _c330989
_d330989
001 12246262
003 NUST
005 20180117090029.0
008 001201s2000 nyua b 001 0 eng d
010 _a 00694635
020 _a0766820483
035 _a(OCoLC)ocm44085815
040 _aMIA
_cMIA
_dDLC
042 _alccopycat
050 0 0 _aBF721
_b.A55 2000
082 0 0 _a305.231
_221
100 1 _aAllen, K. Eileen,
_d1918-
_94291
245 1 0 _aBy the ages :
_bbehavior & development of children pre-birth through eight /
_cK. Eileen Allen, Lynn R. Marotz.
260 _aAlbany, NY :
_bDelmar Thomson Learning,
_cc2000.
300 _axii, 244 p. :
_bill. ;
_c23 cm.
504 _aIncludes bibliographical references (p. 234-239) and index.
650 0 _aChild psychology.
_94292
650 0 _aInfant psychology.
_94293
650 0 _aChild development.
_94294
650 0 _aInfants
_xDevelopment.
_94295
700 1 _aMarotz, Lynn R.
_94296
856 4 2 _3Contributor biographical information
_uhttp://www.loc.gov/catdir/enhancements/fy1103/00694635-b.html
856 4 2 _3Publisher description
_uhttp://www.loc.gov/catdir/enhancements/fy1103/00694635-d.html
856 4 1 _3Table of contents only
_uhttp://www.loc.gov/catdir/enhancements/fy1103/00694635-t.html
906 _a7
_bcbc
_ccopycat
_d2
_encip
_f19
_gy-gencatlg
942 _2ddc
_cBK